Statistics for Countries of Europe in 1812 (With Map!)

Click here to take the quiz!

General Stats

  • This quiz has been taken 6,208 times
  • The average score is 12 of 13

Answers on the Map

Answers color-coded by a green-red scale on the quiz's map according to % correct below.
 

Answer Stats

Answer% Correct
Denmark–Norway
99%
Portugal
99%
Russian Empire
99%
Sweden
99%
United Kingdom
99%
French Empire
98%
Ottoman Empire
98%
Austrian Empire
96%
Sicily
93%
Prussia
92%
Sardinia
87%
Montenegro
86%
Free City of {Danzig}
82%

Score Distribution

Percentile by Number Answered

Percent of People with Each Score

Your Score History

You have not taken this quiz